TV Show Intros by Picture #2 - Statistics

General Stats
  • This quiz has been taken 751 times
  • The average score is 9 of 20
Answer Stats
Picture Answer % Correct
The Addams Family
81%
The Flintstones
81%
The Brady Bunch
74%
Murder, She Wrote
69%
Frasier
64%
Family Guy
63%
The Fresh Prince of Bel Air
60%
The Muppet Show
59%
That '70s Show
57%
The X-Files
50%
Taxi
41%
Dragnet
31%
Survivor
31%
Quantum Leap
27%
Rick and Morty
27%
The Walking Dead
25%
X-Men: The Animated Series
25%
The Golden Girls
24%
Grey's Anatomy
22%
Westworld
12%
No matching quizzes found
Score Distribution
Percent of People with Each Score
Percentile by Number Answered
Your Score History
You have not taken this quiz